000
00317nam a2200133Ia 4500
008
191201s2006 xx 000 0 und d
082
_a
621.3
_b
BIP
100
_a
BIMBHARA, P S
245
0
_a
Power Electronics
260
_a
N.Delhi
_b
Khanna Publisher
_c
2006
300
_a
775
650
_a
B.Tech(ECE)
942
_2
ddc
_c
BK
999
_c
4091
_d
4091